000 00444nam a2200157Ia 4500
008 230312s9999||||xx |||||||||||||| ||und||
020 _a81-203-3039-0
082 _a658.4038
_bCES-D
100 _aCesare,Sergio.De
245 0 _aDevelopment of Component- Based Information Systems
260 _bPrentice Hall
_aIndia
_c2006
300 _a239
546 _aEng.
650 _aManagement
_vDevelopment Methodologies,System Architecture
942 _cBK
999 _c478
_d478